000 03139cam a22005777a 4500
003 CHAP
005 20220329140522.0
008 971013s1987 r 00010 d
010 _a53242
011 _a54214
035 _a58365
040 _cCHAP
082 _a630.72
_bR68
110 _aRothamsted Experimental Station. Harpenden, Herts, England,
_9100268
245 0 _aReport, 19 -1987
260 _aHarpenden :
_b(s.e.),
_c19 -1987.
300 _av.
_b: ilus. ; gráfs.
500 _ac.c. AFRC Institute of Arable Crops Research, Harpenden, Hertfordashire, England, 1988-
500 _aLa biblioteca tiene : 1974, 1975, 1976, 1977, 1978, 1979, 1980, 1981, 1982, 1983, 1984, 1985, 1986, 1987
590 _aBATCH-UPD
_b10
_c20130110
_lUCH01
_h2221
590 _aBATCH-UPD
_b10
_c20130410
_lUCH01
_h1519
590 _aCONVERSION
_b10
_c20130109
_lUCH01
_h1329
650 1 4 _aAgricultura
_xInvestigacion
_zGran Bretana.
_91703
901 _aBK
942 _cLIBRO
949 _a630.72 R68
_bBC
_cLIBRO
_d33724000043105
_eLIBRO
_f1986 c.2
_h73841
_i58365
_si
949 _a630.72 R68
_bBC
_cLIBRO
_d33724000043113
_eLIBRO
_f1986
_i58365
_si
949 _a630.72 R68
_bBC
_cLIBRO
_d33724000043121
_eLIBRO
_f1985 c.3
_h76072
_i58365
_si
949 _a630.72 R68
_bBC
_cLIBRO
_d33724000043139
_eLIBRO
_f1985 c.2
_h68930
_i58365
_si
949 _a630.72 R68
_bBC
_cLIBRO
_d33724000043147
_eLIBRO
_f1984
_h66222
_i58365
_si
949 _a630.72 R68
_bBC
_cLIBRO
_d33724000043162
_eLIBRO
_f1983
_h62495
_i58365
_si
949 _a630.72 R68
_bBC
_cLIBRO
_d33724000043212
_eLIBRO
_f1981 v.1
_h58123
_i58365
_si
949 _a630.72 R68
_bBC
_cLIBRO
_d33724000043220
_eLIBRO
_f1981 v.2
_h58124
_i58365
_si
949 _a630.72 R68
_bBC
_cLIBRO
_d33724000043238
_eLIBRO
_f1982 v.1
_h60431
_i58365
_si
949 _a630.72 R68
_bBC
_cLIBRO
_d33724000043246
_eLIBRO
_f1974 v.1
_h42244
_i58365
_si
949 _a630.72 R68
_bBC
_cLIBRO
_d33724000043253
_eLIBRO
_f1974 v.2
_h42245
_i58365
_si
949 _a630.72 R68
_bBC
_cLIBRO
_d33724000043261
_eLIBRO
_f1975 v.2
_h42247
_i58365
_si
949 _a630.72 R68
_bBC
_cLIBRO
_d33724000043279
_eLIBRO
_f1977 v.2
_h44385
_i58365
_si
949 _a630.72 R68
_bBC
_cLIBRO
_d33724000043287
_eLIBRO
_f1976 v.2
_h42248
_i58365
_si
949 _a630.72 R68
_bBC
_cLIBRO
_d33724000043295
_eLIBRO
_f1978 v.1
_h47280
_i58365
_si
949 _a630.72 R68
_bBC
_cLIBRO
_d33724000043303
_eLIBRO
_f1978 v.2
_h47281
_i58365
_si
949 _a630.72 R68
_bBC
_cLIBRO
_d33724000043311
_eLIBRO
_f1979 v.2
_h49424
_i58365
_si
949 _a630.72 R68
_bBC
_cLIBRO
_d33724000043329
_eLIBRO
_f1975 v.1
_h42246
_i58365
_si
949 _a630.72 R68
_bBC
_cLIBRO
_d33724000043394
_eLIBRO
_f1987
_h73780
_i58365
_si
949 _a630.72 R68
_bBC
_cLIBRO
_d33724000043402
_eLIBRO
_f1976 v.1
_h42249
_i58365
_si
949 _a630.72 R68
_bBC
_cLIBRO
_d33724000043410
_eLIBRO
_f1979 v.1
_h49423
_i58365
_si
949 _a630.72 R68
_bBC
_cLIBRO
_d33724000043428
_eLIBRO
_f1980 v.2
_h54803
_i58365
_si
949 _a630.72 R68
_bBC
_cLIBRO
_d33724000043436
_eLIBRO
_f1980 v.1
_h54802
_i58365
_si
949 _a630.72 R68
_bBC
_cLIBRO
_d33724000043444
_eLIBRO
_f1982 v.2
_h60808
_i58365
_si
949 _a630.72 R68
_bBC
_cLIBRO
_d33724000046348
_eLIBRO
_f1977 v.1
_h44384
_i58365
_si
999 _c53242
_d53242